Score 0/26 Timer 06:00
1 Play Today
Clue Plural % Correct
Adult malesmen
96.6%
They swim in schoolsfish
96%
3 of them make 1 yardfeet
94.8%
Bambi, et al.deer
94.4%
Adult femaleswomen
93.7%
Sons and daughterschildren
93.3%
Spiny desert plantscacti
92.9%
Unwelcome household rodentsmice
90.9%
Unwelcome hair dwellerslice
88.7%
Pigs responsible for the flu?swine
87.2%
They can be loaded or snake eyesdice
84.6%
Graduates of a school or universityalumni
84.1%
Honking waterfowlgeese
83.3%
Clue Plural % Correct
Shepherd’s chargessheep
82.5%
Pieces of information collected in an experimentdata
77.8%
Meat or cheese filled pastaravioli
76.8%
Bullwinkle, et al.moose
75.3%
Germsbacteria
71%
Diameter halvesradii
68.6%
TV or radio reception aidsantennae
64.8%
Prongs of a combteeth
63.6%
Course outlinessyllabi
61.1%
Mold producing organismsfungi
58.8%
The yokes are on themoxen
56.7%
Wombsuteri
52.5%
1000 year periodsmillennia
47.6%
Remove Ads.
Support Sporcle.
Get the best of Sporcle when you Go Orange. This ad-free experience offers more features, more stats, and more fun while also helping to support Sporcle. Thank you for becoming a member.

You're not logged in!

Compare scores with friends on all Sporcle quizzes.
OR
Log In

Show Comments

Extras

Top Quizzes Today


Score Distribution

Your Account Isn't Verified!

In order to create a playlist on Sporcle, you need to verify the email address you used during registration. Go to your Sporcle Settings to finish the process.

Report this User

Report this user for behavior that violates our Community Guidelines.

Details: